| 000 | 00745nab a2200241 a 4500 | ||
|---|---|---|---|
| 005 | 20210219161817.0 | ||
| 008 | 991125s1985 mx 000 0 spa u | ||
| 035 | _aUPN01000192429 | ||
| 100 | 1 | _aBarrientos Granada, Rosa María | |
| 222 | _aDIVERSIDAD Y ENCUENTRO : | ||
| 222 | _bREVISTA DE ESTUDIOS E INVESTIGACION EDUCATIVA | ||
| 245 | _aLa representación social de género y el profesorado de educación preescolar y primaria | ||
| 260 | _aPuebla, México | ||
| 300 | _a72-102 | ||
| 362 | 0 | _a2003 Vol. 2, nos. 1-2, ene.-dic. | |
| 653 | 0 | _aMAESTROS | |
| 653 | 0 | _aEDUCACION PRIMARIA | |
| 653 | 0 | _aEDUCACION PREESCOLAR | |
| 653 | 0 | _aREPRESENTACION SOCIAL | |
| 653 | 0 | _aGENERO | |
| 653 | 0 | _aPUEBLA, MEXICO | |
| 905 | _aArticulo | ||
| 999 |
_c164531 _d164531 |
||